Musicians by literal definition of their name - Statistics

General Stats
  • This quiz has been taken 31 times
  • The average score is 8 of 14
Answer Stats
Hint Answer Band % Correct
A male member of the royal family other than the monarch. Prince
86%
The planet in our solar system closest to the sun. Freddie Mercury Queen
82%
A domesticated descendant of the wolf. Snoop Dogg
75%
A growth of hair on the chin, cheeks, and throat of a person, especially a man. Frank Beard ZZ Top
71%
To prepare (food) by applying heat. Jamie Cook Arctic Monkeys
71%
A side of a sheet of paper, as in a book or newspaper. Jimmy Page Led Zeppelin
71%
A natural satellite orbiting a planet. Keith Moon The Who
71%
A clear, colourless, odourless, and tasteless liquid essential for most plant and animal life and the most widely used of all solvents. Roger Waters Pink Floyd
71%
A large natural stream of water emptying into an ocean, lake, or other body of water. Rivers Cuomo Weezer
68%
A city in North Yorkshire, England, known for it's many historical buildings. Thom Yorke Radiohead
43%
"Stone" in German. Chris Stein Blondie
39%
A hollow metal musical instrument, usually cup-shaped with a flared opening, that emits a metallic tone when struck. Andy Bell Oasis
25%
The secondary xylem of trees and shrubs, lying beneath the bark and consisting largely of cellulose and lignin. Ronnie Wood The Rolling Stones
18%
The emotion aroused by something awe-inspiring, astounding, or surprising. Stevie Wonder
11%
No matching quizzes found
Score Distribution
Percent of People with Each Score
Percentile by Number Answered
Your Score History
You have not taken this quiz